| 000 | 00734nam a2200205Ia 4500 | ||
|---|---|---|---|
| 008 | 140321s9999 xx 000 0 und d | ||
| 020 | _a9781420088588 | ||
| 050 |
_aHF 5686.M3 _b.M39 2013 |
||
| 100 | _aMcvay, Gloria | ||
| 245 |
_aAccounting in the lean enterprise : _bproviding simple, practical, and decision-relevant Information / _cGloria McVay, Frances Kennedy and Rosemary Fullerton. |
||
| 260 |
_aNew York : _bCRC Press, Taylor and Francis, _cc2013. |
||
| 300 |
_a184 p. : _bill. ; _c28 cm. |
||
| 500 | _aIncludes bibliographical references and index. | ||
| 521 | _aBSA | ||
| 650 | _aCost control. | ||
| 650 |
_aLean manufacturing _xAccounting. |
||
| 650 | _aManagerial accounting. | ||
| 942 |
_kFOR _cBK |
||
| 999 |
_c48240 _d48240 |
||